000 00220nam a22001097a 4500
082 _a001
_bRED/T
245 _a 3-D WORLD FAMOUS PLACES
260 _bSCHOLASTIC
300 _a26
650 _aGENERAL KNOWLEDGE
942 _cBK
999 _c2999
_d2999